[Event "2. Wittelsbacher Weihnachts-Schach-Open"]
[Site "Kelheim"]
[Date "2013.12.29"]
[Round "6.26"]
[White "Goderbauer, Josef"]
[Black "Mühlich, Cornelius"]
[Result "1-0"]
[WhiteElo "1703"]
[BlackElo "1453"]
[PlyCount "43"]
[EventDate "2013.??.??"]
[WhiteTeam "SC Moosburg 1956 e.V."]
[BlackTeam "SK Kelheim 1920"]

1. e4 c6 2. f4 d5 3. Nf3 e6 4. e5 c5 5. Nc3 Ne7 6. Bb5+ Bd7 7. Bxd7+ Nxd7 8. d3
Nc6 9. O-O Be7 10. Qe1 O-O 11. a3 Rb8 12. Ne2 b5 13. Ng3 Qc7 14. f5 c4 15. d4
b4 16. c3 bxc3 17. bxc3 Rb7 18. Bg5 Rb3 19. f6 gxf6 20. Bh6 Rfb8 21. Nh5 Bf8
22. Qg3+ 1-0

[Event "2. Wittelsbacher Weihnachts-Schach-Open"]
[Site "Kelheim"]
[Date "2013.12.29"]
[Round "6.27"]
[White "Müller, Johannes"]
[Black "Obermeier, Johannes"]
[Result "1-0"]
[WhiteElo "1580"]
[BlackElo "1647"]
[PlyCount "71"]
[EventDate "2013.??.??"]
[WhiteTeam "SK Kelheim 1920"]
[BlackTeam "SK Kelheim 1920"]

1. d4 d5 2. c4 e6 3. Nc3 Nf6 4. cxd5 exd5 5. Bg5 Be7 6. e3 O-O 7. Bd3 Nbd7 8.
Nf3 Re8 9. Qc2 h6 10. Bf4 c6 11. O-O Nh5 12. Nxd5 Nxf4 13. Nxf4 Nf6 14. h3 Bd6
15. Ne2 Nd5 16. a3 Be6 17. Nc3 Qd7 18. Ne4 Bc7 19. Nc5 Qc8 20. Nxe6 Qxe6 21. b4
a6 22. Rfe1 Rad8 23. Rac1 Kh8 24. Nd2 Qd6 25. g3 Qd7 26. Kg2 Qe7 27. Ne4 Rb8
28. Nc5 Qg5 29. h4 Qg4 30. Bf5 Qh5 31. Rh1 Rxe3 32. g4 Nf4+ 33. Kf1 Re2 34.
Qxe2 Nxe2 35. Kxe2 Re8+ 36. Kd3 1-0

[Event "2. Wittelsbacher Weihnachts-Schach-Open"]
[Site "Kelheim"]
[Date "2013.12.29"]
[Round "6.28"]
[White "Dietl, Harald"]
[Black "Glück, Ulrich"]
[Result "1-0"]
[WhiteElo "1798"]
[BlackElo "1723"]
[PlyCount "91"]
[EventDate "2013.??.??"]
[WhiteTeam "SK Abensberg"]
[BlackTeam "MSA Zugzwang 82 e.V."]

1. f4 c5 2. Nf3 d5 3. e3 g6 4. Be2 Bg7 5. O-O Nf6 6. d3 O-O 7. h3 Nc6 8. c3 b5
9. Qc2 Qb6 10. b3 c4 11. bxc4 bxc4 12. d4 Rb8 13. Ba3 Bf5 14. Qd1 Ne4 15. g4
Bc8 16. Ne5 Nxe5 17. fxe5 Bh6 18. Qc1 Qc7 19. Bf3 Ng5 20. Bg2 Rd8 21. h4 Ne6
22. g5 Bg7 23. Qd1 f5 24. gxf6 exf6 25. Bd6 Rxd6 26. exd6 Qxd6 27. Nd2 Bh6 28.
Qf3 f5 29. Rab1 Bb7 30. Nxc4 dxc4 31. Rxb7 Rxb7 32. Qxb7 Bxe3+ 33. Kh1 Qg3 34.
Qf3 Qxh4+ 35. Qh3 Qxh3+ 36. Bxh3 Nf4 37. Bg2 Nxg2 38. Kxg2 Bd2 39. d5 Bxc3 40.
Rc1 Be5 41. Rxc4 Kf7 42. Ra4 g5 43. Rxa7+ Kg6 44. d6 Bf6 45. d7 f4 46. Ra6 1-0

[Event "2. Wittelsbacher Weihnachts-Schach-Open"]
[Site "Kelheim"]
[Date "2013.12.29"]
[Round "6.29"]
[White "Hessler, Markus"]
[Black "Fritsch, Julian"]
[Result "1-0"]
[WhiteElo "1714"]
[BlackElo "1554"]
[PlyCount "109"]
[EventDate "2013.??.??"]
[WhiteTeam "Schachfreunde Roding"]
[BlackTeam "SK Kelheim 1920"]

1. b3 Nf6 2. Bb2 d6 3. g3 g6 4. Bxf6 exf6 5. c4 Bg7 6. Nc3 O-O 7. Bg2 Nc6 8. a3
f5 9. e3 Re8 10. Nge2 Rb8 11. Rc1 Ne5 12. d4 Ng4 13. O-O Bh6 14. Nf4 g5 15.
Nfd5 c6 16. Nb4 f4 17. e4 fxg3 18. hxg3 Nf6 19. Ra1 Bg4 20. f3 Bd7 21. Kf2 Qc8
22. Rh1 Bg7 23. Rh2 c5 24. Nbd5 Nxd5 25. Nxd5 Bxd4+ 26. Ke2 Rxe4+ 27. fxe4 Bg4+
28. Bf3 Bxf3+ 29. Kxf3 g4+ 30. Kg2 Qe6 31. Qe1 Bxa1 32. Qxa1 Qxe4+ 33. Kg1 Qe5
34. Qxe5 dxe5 35. Re2 b5 36. Rxe5 bxc4 37. bxc4 Rb1+ 38. Kf2 Rb2+ 39. Ke1 Rb3
40. Re3 Rxe3+ 41. Nxe3 h5 42. Ke2 Kg7 43. Kd3 Kf6 44. Ke4 Ke6 45. Nf5 Kf6 46.
Nd6 Kg6 47. Kf4 f6 48. Ne4 f5 49. Nxc5 Kf6 50. Nd3 Ke6 51. c5 Kd5 52. Kxf5 h4
53. Kxg4 hxg3 54. Kxg3 a5 55. Kf3 1-0

[Event "2. Wittelsbacher Weihnachts-Schach-Open"]
[Site "Kelheim"]
[Date "2013.12.29"]
[Round "6.30"]
[White "Beilschmidt, Eva"]
[Black "Rösch, Maximilian"]
[Result "1-0"]
[WhiteElo "1891"]
[BlackElo "1235"]
[PlyCount "69"]
[EventDate "2013.??.??"]
[WhiteTeam "SK Kelheim 1920"]
[BlackTeam "SK Kelheim 1920"]

1. d4 d5 2. Nf3 Nf6 3. e3 e6 4. c4 c6 5. Bd3 Nbd7 6. O-O Bd6 7. Nc3 O-O 8. Re1
dxc4 9. Bxc4 b5 10. Bd3 a6 11. e4 Be7 12. e5 Nd5 13. a3 Bb7 14. Bc2 Nxc3 15.
bxc3 Nb6 16. Qd3 g6 17. Bh6 Re8 18. Re4 Bf8 19. Bg5 Be7 20. h4 c5 21. Rg4 c4
22. Qd2 Bxf3 23. gxf3 Bxg5 24. hxg5 Kg7 25. Kg2 Rh8 26. Rh1 Rc8 27. Rgh4 Nd5
28. Be4 Ne7 29. Qf4 Nf5 30. Bxf5 gxf5 31. Rh6 Qf8 32. Qh4 Qg8 33. Kf1 a5 34. g6
Kf8 35. gxh7 1-0

[Event "2. Wittelsbacher Weihnachts-Schach-Open"]
[Site "Kelheim"]
[Date "2013.12.29"]
[Round "6.31"]
[White "Koller, Andreas"]
[Black "Tautz, Helmut"]
[Result "0-1"]
[WhiteElo "1350"]
[BlackElo "1526"]
[PlyCount "76"]
[EventDate "2013.??.??"]
[WhiteTeam "TSV Mainburg"]
[BlackTeam "SK Kelheim 1920"]

1. e4 g6 2. d4 Bg7 3. Nf3 d6 4. Be2 Nc6 5. O-O Nf6 6. Nc3 O-O 7. Re1 a6 8. h3
b5 9. a3 Bd7 10. d5 Na5 11. Nh4 c5 12. Bg5 h6 13. Bxf6 Bxf6 14. Ra2 Bxh4 15.
Bg4 Bxg4 16. Qxg4 Bf6 17. f4 h5 18. Qg3 e6 19. dxe6 Bh4 20. exf7+ Kxf7 21. Qe3
Nc4 22. Qe2 Bxe1 23. Qxe1 Kg7 24. b3 Nb6 25. Qg3 Qf6 26. Ne2 Rae8 27. c3 Rxe4
28. Rd2 d5 29. Qf2 Rxf4 30. Nxf4 Qxf4 31. g3 Qxf2+ 32. Rxf2 Rxf2 33. Kxf2 Kf6
34. Ke3 Ke5 35. Kd3 g5 36. Ke3 Nc8 37. b4 c4 38. Kf3 Nd6 0-1

[Event "2. Wittelsbacher Weihnachts-Schach-Open"]
[Site "Kelheim"]
[Date "2013.12.29"]
[Round "6.32"]
[White "Adlhoch, Walter"]
[Black "Rohne, Niklas"]
[Result "0-1"]
[WhiteElo "1258"]
[BlackElo "1486"]
[PlyCount "24"]
[EventDate "2013.??.??"]
[WhiteTeam "SK Schwandorf"]
[BlackTeam "SK Landau-Dingolfing"]

1. c4 c5 2. g3 Nc6 3. Bg2 g6 4. Nc3 Bg7 5. d3 Rb8 6. e4 Nf6 7. Be3 d6 8. Qd2
Ng4 9. Bg5 h6 10. Be3 Nxe3 11. Qxe3 Nd4 12. Nge2 Nc2+ 0-1

[Event "2. Wittelsbacher Weihnachts-Schach-Open"]
[Site "Kelheim"]
[Date "2013.12.29"]
[Round "6.33"]
[White "Schwab, Leon"]
[Black "Brunner, Tobias"]
[Result "1/2-1/2"]
[WhiteElo "967"]
[BlackElo "1410"]
[PlyCount "29"]
[EventDate "2013.??.??"]
[WhiteTeam "SK Kelheim 1920"]
[BlackTeam "TSV Nittenau"]

1. d4 d5 2. c4 c6 3. Nc3 Nf6 4. Bf4 Bf5 5. Nf3 e6 6. a3 Bd6 7. Bxd6 Qxd6 8. e3
Nbd7 9. Bd3 Bxd3 10. Qxd3 h6 11. cxd5 Nxd5 12. Ne4 Qe7 13. b4 N7f6 14. Nc5 O-O
15. Ne5 1/2-1/2

[Event "2. Wittelsbacher Weihnachts-Schach-Open"]
[Site "Kelheim"]
[Date "2013.12.29"]
[Round "6.34"]
[White "Karl, Thomas"]
[Black "Mühlich, Raphael"]
[Result "1-0"]
[WhiteElo "1495"]
[BlackElo "781"]
[PlyCount "101"]
[EventDate "2013.??.??"]
[WhiteTeam "SK Kelheim 1920"]
[BlackTeam "SK Kelheim 1920"]

1. d4 d5 2. c4 e6 3. Nf3 Nc6 4. e3 Nf6 5. Nc3 Bd6 6. Bd3 Bd7 7. O-O O-O 8. Re1
Re8 9. Qc2 Nb4 10. Qd2 b6 11. a3 Nxd3 12. Qxd3 c5 13. dxc5 bxc5 14. cxd5 exd5
15. Nxd5 Bc6 16. Nxf6+ Qxf6 17. e4 Qg6 18. Nd2 Rad8 19. Qc4 Bf4 20. Nf3 Bxc1
21. Raxc1 Bxe4 22. Re3 Re7 23. Kf1 Bd3+ 24. Rxd3 Rxd3 25. Qxc5 h6 26. Qxe7 Qa6
27. Qe8+ Kh7 28. Qe4+ g6 29. Qe2 Qb5 30. Ne5 Rd5 31. Qxb5 Rxb5 32. Nc4 Rc5 33.
Ke2 Kg7 34. Rc3 Kf6 35. Kd2 Ke6 36. b3 Kd5 37. Ne3+ Kd6 38. Rxc5 Kxc5 39. Kc3
Kb5 40. h4 a5 41. g4 a4 42. b4 f6 43. Kd4 Kc6 44. Nc4 Kb5 45. Kd5 g5 46. h5 Ka6
47. Nb2 Kb5 48. Nxa4 Kxa4 49. Ke6 Kb5 50. Kxf6 Kb6 51. Kg6 1-0

[Event "2. Wittelsbacher Weihnachts-Schach-Open"]
[Site "Kelheim"]
[Date "2013.12.29"]
[Round "6.35"]
[White "Krause, Karl-Heinz"]
[Black "Mosler, Ernst"]
[Result "1/2-1/2"]
[WhiteElo "1472"]
[BlackElo "1336"]
[PlyCount "62"]
[EventDate "2013.??.??"]
[WhiteTeam "SK Landau-Dingolfing"]
[BlackTeam "SV Wettstetten e.V."]

1. e4 e5 2. Nc3 Nf6 3. Bc4 d6 4. Nf3 Be7 5. d3 Nc6 6. Bg5 Na5 7. Bb3 Nxb3 8.
axb3 Bg4 9. h3 Bh5 10. Bxf6 Bxf6 11. Nd5 c6 12. Ne3 O-O 13. Qd2 Bxf3 14. gxf3
Bg5 15. c4 Bf4 16. Ke2 Qf6 17. Qc2 h5 18. Rag1 Kh7 19. d4 g6 20. d5 Rg8 21. h4
Qd8 22. Qc3 Qb6 23. Rd1 c5 24. Nc2 a5 25. Ra1 Rgd8 26. Ra4 Qc7 27. Na3 b6 28.
Nb5 Qe7 29. Qe1 Qd7 30. Qb1 Qe7 31. Qg1 Qd7 1/2-1/2

[Event "2. Wittelsbacher Weihnachts-Schach-Open"]
[Site "Kelheim"]
[Date "2013.12.29"]
[Round "6.36"]
[White "Burgard, Manfred"]
[Black "Voigt, Tobias"]
[Result "1/2-1/2"]
[WhiteElo "1411"]
[BlackElo "1212"]
[PlyCount "71"]
[EventDate "2013.??.??"]
[WhiteTeam "Schachfreunde Roding"]
[BlackTeam "Schachklub München Südost e.V."]

1. d4 e6 2. c4 d5 3. Nc3 Nf6 4. cxd5 exd5 5. Bg5 Be7 6. e3 Nc6 7. Nf3 Bf5 8. a3
O-O 9. Bd3 Ne4 10. Bxe7 Nxe7 11. Qc2 Nxc3 12. bxc3 Bxd3 13. Qxd3 Qd6 14. c4 Qa6
15. Rc1 Rac8 16. O-O c5 17. Qb3 cxd4 18. cxd5 dxe3 19. fxe3 h6 20. e4 Qe2 21.
Rce1 Qa6 22. e5 Rcd8 23. d6 Nc6 24. a4 Rfe8 25. Qb5 f6 26. Qd5+ Kh8 27. e6 Ne7
28. Qb3 Rxd6 29. Rf2 Qb6 30. Qxb6 Rxb6 31. Rd2 Ng6 32. Rd7 Rexe6 33. Rxe6 Rxe6
34. Rxb7 Ra6 35. Rb4 Ne5 36. Nxe5 1/2-1/2

[Event "2. Wittelsbacher Weihnachts-Schach-Open"]
[Site "Kelheim"]
[Date "2013.12.29"]
[Round "6.37"]
[White "Geitner, Alexander"]
[Black "Haxhija, Florim"]
[Result "1-0"]
[WhiteElo "1116"]
[BlackElo "796"]
[PlyCount "37"]
[EventDate "2013.??.??"]
[WhiteTeam "SC Anderssen Nürnberg 1929 e.V."]
[BlackTeam "SK Kelheim 1920"]

1. e4 e5 2. Nf3 Nc6 3. Bc4 Nf6 4. Ng5 d5 5. exd5 Nxd5 6. d4 exd4 7. Nxf7 Kxf7
8. Qf3+ Ke8 9. Bxd5 Qf6 10. O-O Qxf3 11. Bxf3 Bb4 12. c3 dxc3 13. bxc3 Bd6 14.
Re1+ Be7 15. Bxc6+ bxc6 16. Ba3 Kf7 17. Rxe7+ Kf6 18. Rxc7 Rd8 19. Be7+ 1-0

[Event "2. Wittelsbacher Weihnachts-Schach-Open"]
[Site "Kelheim"]
[Date "2013.12.30"]
[Round "7.2"]
[White "Maier, Alexander"]
[Black "Gießmann, Stephan"]
[Result "1-0"]
[WhiteElo "2297"]
[BlackElo "2259"]
[PlyCount "99"]
[EventDate "2013.??.??"]
[WhiteTeam "SK Ingolstadt"]
[BlackTeam "SK Kelheim 1920"]

1. e4 e6 2. d4 d5 3. e5 c5 4. dxc5 Nc6 5. Nf3 Bxc5 6. Bd3 f6 7. Qe2 fxe5 8.
Nxe5 Nf6 9. Bf4 Qb6 10. O-O Qxb2 11. Nxc6 bxc6 12. Nd2 Qb4 13. c4 Bb6 14. Nf3
O-O 15. Ne5 Bb7 16. Bg3 Rae8 17. Rab1 Qe7 18. Rb3 c5 19. Bh4 dxc4 20. Bxc4 Bd5
21. Re3 Qb7 22. Re1 Ba5 23. Bxf6 Bxe1 24. Bh4 Bxc4 25. Nxc4 Qd5 26. Ne5 Ba5 27.
Rd3 Qb7 28. h3 Qb1+ 29. Rd1 Qb4 30. Bg3 Rd8 31. Nd7 Rfe8 32. Kh2 Re7 33. Ne5
Rxd1 34. Qxd1 Qd2 35. Qh5 Qd5 36. Qh4 Bd8 37. Qa4 c4 38. Nxc4 Bc7 39. Bxc7 h6
40. Bg3 Rb7 41. Ne3 Qb5 42. Qe4 Qd7 43. Ng4 Qf7 44. Ne5 Qe7 45. Qg6 Qf6 46.
Qe8+ Kh7 47. Nd7 Qf5 48. Nf8+ Kg8 49. Ng6+ Kh7 50. Ne7 1-0

[Event "2. Wittelsbacher Weihnachts-Schach-Open"]
[Site "Kelheim"]
[Date "2013.12.30"]
[Round "7.3"]
[White "Kreuzer, Martin"]
[Black "Fuhrmann, Max"]
[Result "1-0"]
[WhiteElo "2340"]
[BlackElo "2130"]
[PlyCount "63"]
[EventDate "2013.??.??"]
[WhiteTeam "SK Kelheim 1920"]
[BlackTeam "SK Kelheim 1920"]

1. e4 c6 2. Nc3 d5 3. Nf3 Bg4 4. h3 Bxf3 5. Qxf3 e6 6. g3 Nf6 7. Bg2 Nbd7 8. d4
Bb4 9. e5 Ne4 10. O-O Nxc3 11. bxc3 Bf8 12. a4 b5 13. axb5 cxb5 14. Qe2 a6 15.
Bd2 h5 16. Ra2 g6 17. c4 bxc4 18. Rfa1 Qc8 19. Bg5 Bb4 20. Qe3 Nb8 21. Bf6 Rg8
22. c3 Be7 23. g4 Bxf6 24. exf6 hxg4 25. Bxd5 Ra7 26. hxg4 Rh8 27. Rb2 Nd7 28.
Bxe6 fxe6 29. Qxe6+ Kd8 30. Qe7+ Kc7 31. Ra5 Qf8 32. Rc5# 1-0

[Event "2. Wittelsbacher Weihnachts-Schach-Open"]
[Site "Kelheim"]
[Date "2013.12.30"]
[Round "7.4"]
[White "Seidenschwarz, Holger"]
[Black "Spieß, Martin"]
[Result "0-1"]
[WhiteElo "1982"]
[BlackElo "2147"]
[PlyCount "92"]
[EventDate "2013.??.??"]
[WhiteTeam "SC 1947 Beilngries"]
[BlackTeam "SK Ingolstadt"]

1. e4 c5 2. c3 d6 3. d4 Nf6 4. dxc5 Nc6 5. f3 dxc5 6. Qxd8+ Nxd8 7. Be3 e6 8.
Na3 Be7 9. Bb5+ Bd7 10. Bxd7+ Nxd7 11. O-O-O Nb6 12. f4 O-O 13. Nf3 Nc6 14. g4
f5 15. gxf5 exf5 16. e5 a6 17. Ng5 Nd8 18. Rhg1 Re8 19. Rg2 h6 20. Nf3 Ne6 21.
Rgd2 Kf7 22. h4 Rad8 23. h5 Rxd2 24. Rxd2 Rd8 25. c4 Rxd2 26. Kxd2 g6 27. hxg6+
Kxg6 28. Ke2 Kh5 29. Ne1 Kg4 30. Nd3 h5 31. b3 h4 32. Nb1 h3 33. Nd2 Bh4 34.
Nf3 Bg3 35. Nxc5 Nxf4+ 36. Bxf4 Bxf4 37. e6 Nc8 38. Nxb7 h2 39. Nxh2+ Bxh2 40.
b4 f4 41. Nc5 f3+ 42. Kf2 Bg3+ 43. Kg1 Kf4 44. Nxa6 Ne7 45. c5 f2+ 46. Kf1 Nf5
0-1

[Event "2. Wittelsbacher Weihnachts-Schach-Open"]
[Site "Kelheim"]
[Date "2013.12.30"]
[Round "7.5"]
[White "Schwenck, Mathias"]
[Black "Meulner, Klaus"]
[Result "0-1"]
[WhiteElo "1920"]
[BlackElo "2123"]
[PlyCount "110"]
[EventDate "2013.??.??"]
[WhiteTeam "SC Moosburg 1956 e.V."]
[BlackTeam "SW Nürnberg Süd e.V."]

1. d4 d6 2. c4 e5 3. dxe5 dxe5 4. Qxd8+ Kxd8 5. Nc3 Be6 6. b3 c6 7. Bb2 Nd7 8.
Nf3 f6 9. O-O-O Nh6 10. h3 Nf7 11. e3 Kc7 12. Be2 Be7 13. Ne1 h5 14. h4 g6 15.
Nc2 Nh6 16. Ba3 Bxa3+ 17. Nxa3 Bf5 18. Nab1 Rad8 19. e4 Be6 20. Na3 a5 21. Nc2
Nc5 22. Rxd8 Rxd8 23. Rd1 Rf8 24. Ne3 Bc8 25. Rg1 Ng4 26. Nxg4 hxg4 27. f3 g3
28. Kd2 Rh8 29. Bf1 f5 30. Ne2 f4 31. Rh1 Rh5 32. Rg1 Rxh4 33. Nc1 g5 34. Nd3
Nxd3 35. Kxd3 g4 36. Be2 gxf3 37. Bxf3 Be6 38. Ke2 a4 39. Rc1 axb3 40. axb3 Rh8
41. Kd3 c5 42. Ra1 Bd7 43. Ra5 Kb6 44. b4 Rc8 45. Be2 Be8 46. Bg4 Rc7 47. Ra8
Bd7 48. bxc5+ Kc6 49. Bd1 Rc8 50. Ra5 Rd8 51. Kc3 Kc7 52. Bf3 Bc6 53. Ra2 Rd4
54. Rd2 Bxe4 55. Re2 Rd3+ 0-1

[Event "2. Wittelsbacher Weihnachts-Schach-Open"]
[Site "Kelheim"]
[Date "2013.12.30"]
[Round "7.6"]
[White "Nöckler, Alexander"]
[Black "Maurer, Heinrich"]
[Result "0-1"]
[WhiteElo "1976"]
[BlackElo "2115"]
[PlyCount "118"]
[EventDate "2013.??.??"]
[WhiteTeam "Schachklub Weiden 1907"]
[BlackTeam "SK Kelheim 1920"]

1. c4 e5 2. Nc3 Nc6 3. g3 Nf6 4. Bg2 Bc5 5. Nf3 d6 6. O-O O-O 7. Na4 Bb6 8. e3
Bg4 9. Qc2 e4 10. Ng5 Be2 11. Re1 Bd3 12. Qc3 Ba5 13. b4 Nxb4 14. Ba3 Nc2 15.
Qxa5 Nxa3 16. Nb2 Nxc4 17. Nxc4 Bxc4 18. Nxe4 Nxe4 19. Bxe4 d5 20. Bg2 c6 21.
Qc3 Qf6 22. Qxf6 gxf6 23. d4 Kg7 24. Rab1 b5 25. Rb2 a5 26. Rc1 f5 27. Bf1 Rfb8
28. Bxc4 dxc4 29. Kf1 Kf6 30. Ke2 Ke6 31. Kf3 Kd5 32. Rbc2 a4 33. Kf4 Ke6 34.
h4 Rd8 35. Kg5 Rg8+ 36. Kf4 Rg4+ 37. Kf3 Kd5 38. Kg2 Rag8 39. Kf3 Rd8 40. Rb1
Re4 41. Ke2 a3 42. Rc3 Ra8 43. Kf3 Ra4 44. Rbc1 c5 45. dxc5 Kxc5 46. Ke2 Re5
47. Kf3 Rd5 48. R1c2 Kb4 49. Kf4 Ra6 50. e4 Rd3 51. Rxd3 cxd3 52. Rc1 d2 53.
Rd1 Kc3 54. Ke3 Rd6 55. exf5 Rd8 56. g4 Re8+ 57. Kf4 Re1 58. Rxd2 Kxd2 59. Kg5
b4 0-1

[Event "2. Wittelsbacher Weihnachts-Schach-Open"]
[Site "Kelheim"]
[Date "2013.12.30"]
[Round "7.7"]
[White "Ziegler, Michael"]
[Black "Schmitz, Björn"]
[Result "0-1"]
[WhiteElo "2171"]
[BlackElo "1742"]
[PlyCount "73"]
[EventDate "2013.??.??"]
[WhiteTeam "SC Prichsenstadt"]
[BlackTeam "SV Saal/Donau e.V.SAbt"]

1. d4 Nf6 2. Nf3 e6 3. c4 Bb4+ 4. Bd2 Qe7 5. Qc2 O-O 6. Nc3 Nc6 7. a3 Bxc3 8.
Bxc3 d6 9. b4 Nd7 10. e3 e5 11. Be2 e4 12. Nd2 f5 13. Nb3 Nf6 14. Rc1 Bd7 15.
b5 Nd8 16. Bb4 Nf7 17. a4 Kh8 18. Qd2 Rae8 19. Rc2 Nh6 20. g3 f4 21. gxf4 Nfg4
22. Bf1 Rxf4 23. h3 Rxf2 24. Qxf2 Nxf2 25. Rxf2 Qh4 26. Rhh2 Rf8 27. Ke2 Rxf2+
28. Rxf2 Kg8 29. Be1 Qe7 30. Nd2 c6 31. Nb1 d5 32. Kd1 Nf5 33. Bd2 h5 34. Nc3
Be6 35. cxd5 cxd5 36. Nxd5 Qa3 37. Rxf5 0-1

[Event "2. Wittelsbacher Weihnachts-Schach-Open"]
[Site "Kelheim"]
[Date "2013.12.30"]
[Round "7.8"]
[White "Heppert, Lars"]
[Black "Eibl, Maximilian"]
[Result "0-1"]
[WhiteElo "1927"]
[BlackElo "2168"]
[PlyCount "68"]
[EventDate "2013.??.??"]
[WhiteTeam "Schachklub 1872 im BSV Neuburg"]
[BlackTeam "SK Kelheim 1920"]

1. c4 Nf6 2. g3 e5 3. Bg2 d5 4. cxd5 Nxd5 5. Nc3 Nb6 6. Nf3 Nc6 7. a3 f5 8. d3
Be7 9. b4 Bf6 10. Bb2 O-O 11. O-O a6 12. e3 Be6 13. Qc2 Qe7 14. Rfd1 Rad8 15.
Ne2 Qf7 16. d4 e4 17. Nd2 Nd5 18. Nc3 Nce7 19. Na4 h5 20. Nc5 Bc8 21. Bf1 h4
22. Bc4 Qh5 23. Kg2 Kh7 24. Rh1 Bg5 25. Qb3 Rf6 26. Rae1 Rg6 27. Bc1 f4 28.
Ncxe4 Bh3+ 29. Kxh3 hxg3+ 30. Kg2 gxf2 31. Kxf2 fxe3+ 32. Kf1 Rf8+ 33. Kg1 exd2
34. Bxd2 Be3# 0-1

[Event "2. Wittelsbacher Weihnachts-Schach-Open"]
[Site "Kelheim"]
[Date "2013.12.30"]
[Round "7.9"]
[White "Seitner, Ralf"]
[Black "Kammer, Christoph"]
[Result "1-0"]
[WhiteElo "1902"]
[BlackElo "2004"]
[PlyCount "89"]
[EventDate "2013.??.??"]
[WhiteTeam "SK Ingolstadt"]
[BlackTeam "TSV Nittenau"]

1. d4 Nf6 2. c4 c5 3. d5 b5 4. e3 Bb7 5. a4 bxc4 6. Bxc4 g6 7. Nf3 Bg7 8. Nc3
O-O 9. O-O d6 10. Rb1 Na6 11. b3 Nc7 12. Bb2 e5 13. e4 Bc8 14. Ne1 Nh5 15. Nd3
Qe7 16. b4 cxb4 17. Nxb4 Qg5 18. Bc1 Nf4 19. g3 Nh3+ 20. Kg2 Qf6 21. Qf3 Qxf3+
22. Kxf3 f5 23. Kg2 f4 24. f3 h5 25. Nc6 Bf6 26. gxf4 exf4 27. Ne2 Bh4 28. e5
Ng5 29. e6 Ngxe6 30. dxe6 Bxe6 31. Bxe6+ Nxe6 32. Rd1 Nc5 33. Rxd6 g5 34. Kh3
Nxa4 35. Nxf4 Be1 36. Nxh5 Rxf3+ 37. Kg4 Rf7 38. Bxg5 Bc3 39. Ne7+ Kf8 40. Nf5
Nc5 41. Rbd1 Nb7 42. Rc6 Be5 43. Re6 Bc3 44. Be7+ Kg8 45. Nh6+ 1-0

[Event "2. Wittelsbacher Weihnachts-Schach-Open"]
[Site "Kelheim"]
[Date "2013.12.30"]
[Round "7.10"]
[White "Nussbaumer, Johann"]
[Black "Schmidt, Franz"]
[Result "1/2-1/2"]
[WhiteElo "2014"]
[BlackElo "1880"]
[PlyCount "154"]
[EventDate "2013.??.??"]
[WhiteTeam "ASK St. Valentin"]
[BlackTeam "SK Abensberg"]

1. d4 d5 2. c4 c6 3. Nc3 e5 4. cxd5 cxd5 5. e3 e4 6. Bb5+ Bd7 7. Nge2 Bb4 8.
Bd2 Nf6 9. Bxd7+ Qxd7 10. Nxe4 Bxd2+ 11. Nxd2 O-O 12. O-O Qb5 13. Nb3 Nbd7 14.
Nc3 Qb4 15. a3 Qb6 16. Na4 Qb5 17. Nc3 Qb6 18. Rb1 Rac8 19. Nd2 Rfe8 20. Qa4
Qc6 21. Rfc1 a6 22. Qxc6 Rxc6 23. Ne2 Rec8 24. Kf1 Rc2 25. Ke1 Kf8 26. Nc3
Rxc1+ 27. Rxc1 Nb6 28. b3 Ke7 29. Ne2 Rxc1+ 30. Nxc1 Nc8 31. Ke2 b6 32. f3 Nd7
33. e4 Kd6 34. Kd3 Ne7 35. Na2 Nb8 36. Nc3 Nd7 37. exd5 Nxd5 38. Nde4+ Kc6 39.
Nxd5 Kxd5 40. g4 f6 41. Nc3+ Kd6 42. Kc4 g6 43. a4 h5 44. Ne4+ Ke6 45. gxh5
gxh5 46. h4 f5 47. Ng3 Nf6 48. Kd3 f4 49. Ne4 Nd5 50. Nc3 Nf6 51. Kc4 Ne8 52.
Ne2 Nd6+ 53. Kd3 Kf5 54. b4 b5 55. axb5 axb5 56. Nc3 Ke6 57. Ne2 Kf5 58. Ng1
Nc4 59. Nh3 Ne3 60. Ng5 Ng2 61. Ne4 Nxh4 62. Nd6+ Ke6 63. Nxb5 Ng2 64. Nc3 h4
65. Nd1 h3 66. Ke4 h2 67. Nf2 Ne1 68. Nh1 Nc2 69. b5 Kd6 70. d5 Nb4 71. b6 Na6
72. Kd4 Nb8 73. Kc4 Nd7 74. b7 Kc7 75. Kd4 Kxb7 76. Ke4 Kc7 77. Kxf4 Kd6
1/2-1/2

[Event "2. Wittelsbacher Weihnachts-Schach-Open"]
[Site "Kelheim"]
[Date "2013.12.30"]
[Round "7.11"]
[White "Winterholler, Christina"]
[Black "Wltschek, Christian"]
[Result "1/2-1/2"]
[WhiteElo "1955"]
[BlackElo "1962"]
[PlyCount "69"]
[EventDate "2013.??.??"]
[WhiteTeam "SK Ingolstadt"]
[BlackTeam "TSV Wacker Neutraubling"]

1. e4 c5 2. Nf3 e6 3. d3 Nc6 4. g3 g6 5. Bg2 Bg7 6. Qe2 Nge7 7. O-O d6 8. Nbd2
O-O 9. h4 Rb8 10. Re1 e5 11. Nf1 h6 12. c3 Be6 13. Be3 f5 14. Qd2 Kh7 15. h5 g5
16. Bxg5 fxe4 17. dxe4 Bg4 18. Bxe7 Qxe7 19. Nh4 Rf6 20. Ne3 Be6 21. Nhf5 Qf7
22. Ng4 Rxf5 23. exf5 Bxf5 24. Ne3 Be6 25. Be4+ Kh8 26. Bg6 Qf8 27. Qd3 Rd8 28.
Nf5 d5 29. Nxg7 Kxg7 30. f3 Qf6 31. Qe2 Rf8 32. f4 e4 33. Qb5 Qe7 34. Rad1 Kh8
35. Rf1 1/2-1/2

[Event "2. Wittelsbacher Weihnachts-Schach-Open"]
[Site "Kelheim"]
[Date "2013.12.30"]
[Round "7.12"]
[White "Kümpers, Ulrich"]
[Black "Zeindlmeier, Thomas"]
[Result "1-0"]
[WhiteElo "2011"]
[BlackElo "2033"]
[PlyCount "79"]
[EventDate "2013.??.??"]
[WhiteTeam "SC Tarrasch 45 München"]
[BlackTeam "SK Ingolstadt"]

1. d4 d5 2. c4 c6 3. cxd5 cxd5 4. Nc3 Nf6 5. Bf4 Nc6 6. e3 Bf5 7. Nf3 e6 8. Qb3
Bb4 9. Be2 O-O 10. O-O Qe7 11. Rac1 Rfc8 12. a3 Ba5 13. Nb5 Ne8 14. Ne5 Bb6 15.
Nxc6 Rxc6 16. Rxc6 bxc6 17. Nc3 c5 18. Na4 c4 19. Qb5 Qd8 20. b3 cxb3 21. Qxb3
Bc7 22. Bg3 Bxg3 23. hxg3 Rb8 24. Qc3 Nd6 25. Nc5 h6 26. Rc1 Bg6 27. a4 a5 28.
Qa3 Qb6 29. Nd7 Qb2 30. Qc5 Rc8 31. Qxc8+ Nxc8 32. Rxc8+ Kh7 33. Nf8+ Kg8 34.
Nxe6+ Kh7 35. Nf8+ Kg8 36. Nxg6+ Kh7 37. Nf8+ Kg8 38. Bd3 f6 39. Bg6 Qb7 40.
Rd8 1-0

[Event "2. Wittelsbacher Weihnachts-Schach-Open"]
[Site "Kelheim"]
[Date "2013.12.30"]
[Round "7.14"]
[White "Strasser, Josef"]
[Black "Meulner, Fabian"]
[Result "0-1"]
[WhiteElo "1887"]
[BlackElo "1901"]
[PlyCount "80"]
[EventDate "2013.??.??"]
[WhiteTeam "Schach-Union München e.V."]
[BlackTeam "SW Nürnberg Süd e.V."]

1. e4 g6 2. d4 Bg7 3. Nc3 c5 4. dxc5 Bxc3+ 5. bxc3 Nf6 6. e5 Ne4 7. Qd4 Qa5 8.
Qb4 Qxc5 9. Qxc5 Nxc5 10. Nf3 Nc6 11. Bc4 b6 12. O-O O-O 13. Re1 Bb7 14. Bf4
Na5 15. Bf1 Rac8 16. Bd2 Ne4 17. Re3 Nc4 18. Bxc4 Rxc4 19. Rb1 Rfc8 20. Rb3 Ra4
21. Rb2 Ra3 22. c4 Rxe3 23. Bxe3 Rxc4 24. Nd2 Ra4 25. Nxe4 Bxe4 26. f3 Bd5 27.
Kf2 Kg7 28. Ke2 Bxa2 29. c3 Be6 30. g3 f6 31. Bd4 fxe5 32. Bxe5+ Kf7 33. h4 d6
34. Bd4 Bc4+ 35. Kf2 e5 36. Be3 Ke6 37. Kg2 d5 38. Kf2 Ra1 39. Kg2 b5 40. Kf2
a5 0-1

[Event "2. Wittelsbacher Weihnachts-Schach-Open"]
[Site "Kelheim"]
[Date "2013.12.30"]
[Round "7.15"]
[White "Helf, Stefan"]
[Black "Weigert, Wilhelm"]
[Result "0-1"]
[WhiteElo "1598"]
[BlackElo "2021"]
[PlyCount "62"]
[EventDate "2013.??.??"]
[WhiteTeam "SK Abensberg"]
[BlackTeam "SK Kelheim 1920"]

1. e4 d6 2. d4 Nf6 3. Nc3 g6 4. f4 Bg7 5. Nf3 O-O 6. Bc4 c5 7. dxc5 Qa5 8. Bd2
Qxc5 9. Qe2 Bg4 10. O-O-O Nc6 11. Be3 Qa5 12. h3 Bxf3 13. Qxf3 Rac8 14. Bb3 b5
15. g4 b4 16. Nd5 Nd7 17. f5 Nc5 18. Bxc5 Qxc5 19. Kb1 Be5 20. f6 e6 21. Ne7+
Nxe7 22. fxe7 Rfe8 23. h4 Rxe7 24. h5 g5 25. h6 a5 26. Rhf1 Qc6 27. Rf2 a4 28.
Bxa4 Qxa4 29. Rxd6 Ra7 30. a3 bxa3 31. bxa3 Qb5+ 0-1